Machine Drawing / (Record no. 31986)

000 -LEADER
fixed length control field 00499 a2200193 4500
003 - CONTROL NUMBER IDENTIFIER
control field OSt
005 - DATE AND TIME OF LATEST TRANSACTION
control field 20260205130158.0
008 - FIXED-LENGTH DATA ELEMENTS--GENERAL INFORMATION
fixed length control field 260205b ||||| |||| 00| 0 eng d
020 ## - INTERNATIONAL STANDARD BOOK NUMBER
International Standard Book Number 978-81-8014-155-3
040 ## - CATALOGING SOURCE
Transcribing agency .
082 ## - DEWEY DECIMAL CLASSIFICATION NUMBER
Classification number 604.2
Item number S5313
100 ## - MAIN ENTRY--PERSONAL NAME
9 (RLIN) 6548
Personal name Sharma, S. C.
245 ## - TITLE STATEMENT
Title Machine Drawing /
Statement of responsibility, etc. by S. C. Sharma
250 ## - EDITION STATEMENT
Edition statement 2nd ed.
260 ## - PUBLICATION, DISTRIBUTION, ETC.
Name of publisher, distributor, etc. Standard Publishers Distributors,
Place of publication, distribution, etc. New Delhi :
Date of publication, distribution, etc. 2012.
300 ## - PHYSICAL DESCRIPTION
Extent 736 p.
650 #0 - SUBJECT ADDED ENTRY--TOPICAL TERM
9 (RLIN) 975
Topical term or geographic name entry element Machine Drawing
942 ## - ADDED ENTRY ELEMENTS (KOHA)
Source of classification or shelving scheme
Koha item type Books
Holdings
Withdrawn status Lost status Source of classification or shelving scheme Damaged status Not for loan Collection code Permanent Location Current Location Shelving location Date acquired Source of acquisition Cost, normal purchase price Full call number Barcode Date last seen Cost, replacement price Price effective from Koha item type Total Checkouts Date last checked out
          Non-fiction IMU Kolkata IMU Kolkata Reference 2026-02-23 2 256.75 604.2 S5313 14686 2026-02-23 325.00 2026-02-23 Books    
          Non-fiction IMU Kolkata IMU Kolkata   2026-02-23 2 256.75 604.2 S5313 14687 2026-02-23 325.00 2026-02-23 Books    
          Non-fiction IMU Kolkata IMU Kolkata   2026-02-23 2 256.75 604.2 S5313 14688 2026-02-23 325.00 2026-02-23 Books    
          Non-fiction IMU Kolkata IMU Kolkata   2026-02-23 2 256.75 604.2 S5313 14689 2026-02-23 325.00 2026-02-23 Books    
          Non-fiction IMU Kolkata IMU Kolkata   2026-02-23 2 256.75 604.2 S5313 14690 2026-02-23 325.00 2026-02-23 Books    
          Non-fiction IMU Kolkata IMU Kolkata   2026-02-23 2 256.75 604.2 S5313 14691 2026-02-23 325.00 2026-02-23 Books    
          Non-fiction IMU Kolkata IMU Kolkata   2026-02-23 2 256.75 604.2 S5313 14692 2026-02-23 325.00 2026-02-23 Books    
          Non-fiction IMU Kolkata IMU Kolkata   2026-02-23 2 256.75 604.2 S5313 14693 2026-04-23 325.00 2026-02-23 Books 1 2026-04-17
          Non-fiction IMU Kolkata IMU Kolkata   2026-02-23 2 256.75 604.2 S5313 14694 2026-02-23 325.00 2026-02-23 Books    
          Non-fiction IMU Kolkata IMU Kolkata   2026-02-23 2 256.75 604.2 S5313 14695 2026-02-23 325.00 2026-02-23 Books    
Designed and Maintained by IMU-KC Library, Kolkata Campus © Copyright All Rights Reserved

webs counters

Powered by Koha